Nová publikácia na svete Varšava udelila Prešovu najvyššie rezortné vyznamenanie

Bibliographic Details
Main Author: Lacová-Hupcej, Miroslava (Author)
Format: Article
Language:Slovak
Subjects:
Online Access:www.vecernik.po.sk

MARC

LEADER 00000nab a2200000 a 4500
001 vtls008960109
003 SK-MaSNL
005 20260304224016.0
008 070330c20070125xo dr n 000 00slo
038 |a SVKPOCL 
040 |a SVKPOCL  |b slo  |c AACR2  |e AACR2 
041 |a slo 
044 |a xo  |c SK 
080 |a 31-051  |2 2001 
080 |a 929 Cuper, Ján  |2 2001 
080 |a 353.9  |2 2001 
100 1 |a Lacová-Hupcej, Miroslava  |4 aut  |9 274349 
245 1 0 |a Nová publikácia na svete  |b Varšava udelila Prešovu najvyššie rezortné vyznamenanie  |c Miroslava Lacová - Hupcej ; foto: Viktor Zamborský 
300 |a Fotogr. 
600 1 7 |a Cuper, Ján  |d 1954-  |2 svkpocl  |9 871768 
610 1 7 |a Slovensko.  |b Štatistický úrad.  |b Krajská správa Prešov  |2 svkpocl  |9 156810 
610 1 7 |a Poľsko  |b Štatistický úrad (Varšava, Poľsko)  |2 svkpocl  |9 1558668 
650 0 7 |a ceny a vyznamenania  |2 svkpocl  |9 73045 
651 7 |a Prešov (Slovensko)  |2 svkpocl  |9 17347 
773 0 |t Prešovský večerník  |g Roč. XVIII, č. 4124 (25.1.2007), s. 7  |x 1336-4030 
852 |a SVKPO  |b KIS3GCP 
856 4 1 |u www.vecernik.po.sk 
958 |a RG 
999 |c 3170621  |d 3172551